000 01734cam a2200265 a 4500
005 20260322212036.0
008 data
010 _a 2009039680
020 _a9780307463579
020 _a0307463575
040 _aDLC
_cDLC
_dDLC
_dABG
_dYDXCP
_dLMR
_dVP@
_dDLC
050 0 0 _aRA776.95
_b.A46 2010
082 0 0 _a613
_222
092 _a613 Ame 2010
100 1 _aAmen, Daniel G.
245 1 0 _aChange your brain, change your body :
_buse your brain to get and keep the body you have always wanted : boost your brain to improve your weight, skin, heart, energy, and focus /
_cDaniel G. Amen.
250 _a1st ed.
260 _aNew York :
_bHarmony Books,
_cc2010.
300 _a372 p. :
_bill. ;
_c25 cm.
504 _aIncludes bibliographical references and index.
505 0 _aBrain basics. The missing link ; The brain-body solution -- Change your brain, change your weight. The craving solution ; The weight solution ; The nutrition solution ; The exercise solution -- Change your brain, beautify and strengthen your body. The skin solution ; The hormone solution ; The heart solution ; The focus and energy solution -- Change your brain, increase love and vitality. The sleep solution ; The stress solution ; The memory solution ; The ANT solution ; The passion solution ; The brain health solution ; Change your brain, change your body, change other people's bodies -- 15 important numbers I need to know -- Amen Clinics abbreviated brain systems questionnaire -- The supplement solution.
520 _aThe bestselling author of "Change Your Brain, Change Your Life" and "Magnificent Mind at Any Age" explains how to harness brain power to improve overall health and body function.
650 4 _aBrain (general works)
001 data
999 _c852
_d852